Zaha Hadid : complete works (Record no. 10556)

000 -LEADER
fixed length control field 00283nam a2200121Ia 4500
008 - FIXED-LENGTH DATA ELEMENTS--GENERAL INFORMATION
fixed length control field 220318s9999 xx 000 0 und d
020 ## - INTERNATIONAL STANDARD BOOK NUMBER
International Standard Book Number 9780847833016
082 ## - DEWEY DECIMAL CLASSIFICATION NUMBER
Classification number 720.92
Item number HAD
100 ## - MAIN ENTRY--PERSONAL NAME
Personal name Hadid, Zaha
245 #0 - TITLE STATEMENT
Title Zaha Hadid : complete works
260 ## - PUBLICATION, DISTRIBUTION, ETC. (IMPRINT)
Place of publication, distribution, etc RIZZOLI
942 ## - ADDED ENTRY ELEMENTS (KOHA)
Source of classification or shelving scheme
Holdings
Withdrawn status Lost status Source of classification or shelving scheme Damaged status Koha normalized classification for sorting Not for loan Permanent location Current location Date acquired Source of acquisition Cost, normal purchase price Total Checkouts Full call number Barcode Date last seen Date last borrowed Cost, replacement price Price effective from Koha item type
        720_920000000000000_HAD   BMS College of Architecture, Design and Planning BMS College of Architecture, Design and Planning 2022-03-30 6 2754.50 1 720.92 HAD AR-UG2657 2023-11-24 2023-11-03 3935.00 2022-03-30 UG Books
Copyright © 2025, The Librarian, Library and Information Centre, BMSCA D&P, Bengaluru. All Rights Reserved
web counter

Powered by Koha